[Event "19th Open B"]
[Site "Zadar"]
[Date "2012.12.21"]
[Round "8.10"]
[White "Hasanagic, Anel"]
[Black "Bozinovic, Bogdan"]
[Result "0-1"]
[WhiteElo "2117"]
[BlackElo "2187"]
[PlyCount "90"]
[EventDate "2012.12.16"]
[EventRounds "9"]
[EventCountry "CRO"]
[Source "crochess.com"]
[SourceDate "2012.12.22"]

1. e4 c5 2. c3 d6 3. d4 Nf6 4. dxc5 Nc6 5. f3 d5 6. Bb5 e6 7. b4 Bd7 8. Bg5 a5
9. exd5 exd5 10. Bxc6 bxc6 11. Ne2 Be7 12. O-O O-O 13. a3 Re8 14. Re1 h6 15.
Bh4 Nh5 16. Bf2 Bg5 17. Nd2 Qf6 18. Nf1 Qg6 19. Nfg3 Be3 20. Bxe3 Rxe3 21. Nxh5
Qxh5 22. Qd2 Qg5 23. f4 Qe7 24. Nd4 Re4 25. Rxe4 dxe4 26. Re1 Rd8 27. f5 Re8
28. Qf4 axb4 29. axb4 e3 30. Nc2 Qf6 31. Rxe3 Rxe3 32. Nxe3 Qxc3 33. h3 Qd2 34.
f6 gxf6 35. Kh2 Be6 36. Qg3+ Kh7 37. Qf3 Qxb4 38. g4 Qxc5 39. Ng2 Qc2 40. Qxf6
Bd5 41. Kg3 Qxg2+ 42. Kh4 Qf3 43. Qd6 Kg7 44. g5 Qf2+ 45. Kg4 Qg2+ 0-1

[Event "19th Open B"]
[Site "Zadar"]
[Date "2012.12.21"]
[Round "8.11"]
[White "Bubicic, Josip"]
[Black "Fucak, Emilijo"]
[Result "1/2-1/2"]
[WhiteElo "2063"]
[BlackElo "2222"]
[PlyCount "21"]
[EventDate "2012.12.16"]
[EventRounds "9"]
[EventCountry "CRO"]
[Source "crochess.com"]
[SourceDate "2012.12.22"]

1. e4 e5 2. Nf3 Nc6 3. Bb5 a6 4. Bxc6 dxc6 5. O-O f6 6. d4 Bg4 7. c3 Bd6 8.
Nbd2 Ne7 9. Nc4 Ng6 10. h3 Be6 11. Nxd6+ 1/2-1/2

[Event "19th Open B"]
[Site "Zadar"]
[Date "2012.12.22"]
[Round "9.1"]
[White "Tesla, Miro"]
[Black "Mihalinec, Damir"]
[Result "0-1"]
[WhiteElo "2017"]
[BlackElo "2235"]
[PlyCount "142"]
[EventDate "2012.12.16"]
[EventRounds "9"]
[EventCountry "CRO"]
[Source "crochess.com"]
[SourceDate "2012.12.22"]

1. d4 Nf6 2. Nf3 g6 3. c4 Bg7 4. Nc3 d5 5. cxd5 Nxd5 6. g3 O-O 7. Bg2 c5 8. e4
Nxc3 9. bxc3 Nc6 10. Be3 Bg4 11. Rb1 Bxf3 12. Bxf3 cxd4 13. cxd4 Nxd4 14. Bxd4
Bxd4 15. O-O b6 16. Qa4 e5 17. Be2 Qe7 18. Bc4 Rac8 19. Kg2 Rc5 20. Rb5 Rfc8
21. Rxc5 Rxc5 22. f4 Rc7 23. f5 Qd7 24. Qxd7 Rxd7 25. fxg6 hxg6 26. Rf6 Kg7 27.
Rc6 Be3 28. Bd5 b5 29. Kf3 Bd4 30. h4 Bb6 31. g4 f5 32. gxf5 gxf5 33. Re6 Bd4
34. Bc6 Rf7 35. exf5 Rxf5+ 36. Kg4 Rf4+ 37. Kg5 Rf2 38. Re7+ Kf8 39. Re8+ Kf7
40. Bxb5 Be3+ 41. Kg4 Rf4+ 42. Kh3 Bd4 43. Bc6 Rf6 44. Rc8 Ke6 45. h5 Kf5 46.
Bd7+ Kf4 47. Rc1 Kg5 48. Be8 Rf3+ 49. Kg2 Rf2+ 50. Kg3 Rxa2 51. Kf3 Rf2+ 52.
Ke4 Re2+ 53. Kd5 Rh2 54. Ke4 Rh4+ 55. Kd5 Kf4 56. Bg6 Rh2 57. Rc2 Rh4 58. Rc1
Rh2 59. Rc2 Rh1 60. Re2 Be3 61. Ra2 e4 62. Ra4 Rd1+ 63. Ke6 Bd4 64. h6 Rg1 65.
Bf5 Rh1 66. h7 Rh6+ 67. Kd5 Kxf5 68. Kxd4 Rxh7 69. Ke3 Rh3+ 70. Kf2 Kf4 71.
Rxa7 Rh2+ 0-1

[Event "19th Open B"]
[Site "Zadar"]
[Date "2012.12.22"]
[Round "9.2"]
[White "Matko, Ognjen"]
[Black "Brigljevic, Milan"]
[Result "1-0"]
[WhiteElo "2243"]
[BlackElo "2213"]
[PlyCount "37"]
[EventDate "2012.12.16"]
[EventRounds "9"]
[EventCountry "CRO"]
[Source "crochess.com"]
[SourceDate "2012.12.22"]

1. e4 c5 2. Ne2 g6 3. Nbc3 Bg7 4. d4 cxd4 5. Nxd4 Nc6 6. Be3 Nf6 7. Nxc6 bxc6
8. e5 Ng8 9. f4 f6 10. exf6 Nxf6 11. Bc4 d5 12. Bb3 Ng4 13. Bd4 e5 14. fxe5 O-O
15. Qe2 Qg5 16. Nxd5 Kh8 17. Nf6 Nxf6 18. exf6 Qh4+ 19. Qf2 1-0

[Event "19th Open B"]
[Site "Zadar"]
[Date "2012.12.22"]
[Round "9.3"]
[White "Blazeka, Matej"]
[Black "Franciskovic, Borka"]
[Result "1/2-1/2"]
[WhiteElo "2271"]
[BlackElo "2230"]
[PlyCount "50"]
[EventDate "2012.12.16"]
[EventRounds "9"]
[EventCountry "CRO"]
[Source "crochess.com"]
[SourceDate "2012.12.22"]

1. e4 c6 2. d4 d5 3. Nc3 dxe4 4. Nxe4 Bf5 5. Ng3 Bg6 6. h4 h6 7. Nf3 Nd7 8. h5
Bh7 9. Bd3 Bxd3 10. Qxd3 e6 11. Bd2 Qc7 12. O-O-O Ngf6 13. Ne4 Nxe4 14. Qxe4
Nf6 15. Qe2 O-O-O 16. g3 Bd6 17. Rh4 Rhe8 18. Ne5 Bxe5 19. dxe5 Nd5 20. c4 Ne7
21. Rf4 Rf8 22. Qf3 Qxe5 23. Qa3 c5 24. Qxa7 Nc6 25. Qa8+ Nb8 1/2-1/2

[Event "19th Open B"]
[Site "Zadar"]
[Date "2012.12.22"]
[Round "9.8"]
[White "Soric, Romeo"]
[Black "Medic, Miljenko"]
[Result "0-1"]
[WhiteElo "2072"]
[BlackElo "2231"]
[PlyCount "74"]
[EventDate "2012.12.16"]
[EventRounds "9"]
[EventCountry "CRO"]
[Source "crochess.com"]
[SourceDate "2012.12.22"]

1. Nf3 Nf6 2. g3 b6 3. c4 e6 4. b3 Bb7 5. Bg2 c5 6. Bb2 Be7 7. O-O O-O 8. Nc3
d6 9. d3 Nbd7 10. e4 a6 11. Qe2 Qc7 12. Nh4 Ne8 13. f4 Bxh4 14. gxh4 e5 15. f5
Qd8 16. Qf2 Kh8 17. Kh1 Bc6 18. a4 Nc7 19. Rg1 Rg8 20. Bh3 b5 21. axb5 axb5 22.
Rxa8 Qxa8 23. h5 h6 24. Bc1 Nf6 25. Nd5 Bxd5 26. cxd5 b4 27. Bg2 Nb5 28. Bf3
Nd4 29. Bd1 Qa6 30. Qd2 Qa1 31. Qe3 Qb1 32. Rg3 Nxb3 33. Bxb3 Qxb3 34. Qg1 Qc3
35. h4 Nxh5 36. Rg4 Qxd3 37. Bxh6 Qh3+ 0-1

[Event "19th Open B"]
[Site "Zadar"]
[Date "2012.12.22"]
[Round "9.9"]
[White "Stipic, Marko"]
[Black "Brkic, Ivica"]
[Result "0-1"]
[WhiteElo "2215"]
[BlackElo "2106"]
[PlyCount "55"]
[EventDate "2012.12.16"]
[EventRounds "9"]
[EventCountry "CRO"]
[Source "crochess.com"]
[SourceDate "2012.12.22"]

1. g3 g6 2. Bg2 Bg7 3. e4 e6 4. d4 d5 5. e5 Ne7 6. f4 c5 7. Nf3 Nbc6 8. dxc5
Qa5+ 9. Nbd2 Qxc5 10. Nb3 Qb4+ 11. c3 Qe4+ 12. Kf2 Qa4 13. Re1 b6 14. Kg1 Ba6
15. Be3 Rd8 16. Qd2 O-O 17. Bf2 Rc8 18. g4 Rfd8 19. Bh4 Re8 20. Bf6 Nb8 21.
Nbd4 Qd7 22. Qf2 Bd3 23. Qh4 h6 24. Nd2 Kf8 25. Re3 Ba6 26. N2f3 Ng8 27. Bxg7+
Kxg7 28. f5 0-1

[Event "19th Open B"]
[Site "Zadar"]
[Date "2012.12.22"]
[Round "9.10"]
[White "Berke, Ana"]
[Black "Samovojska, Damir"]
[Result "1/2-1/2"]
[WhiteElo "2151"]
[BlackElo "2225"]
[PlyCount "23"]
[EventDate "2012.12.16"]
[EventRounds "9"]
[EventCountry "CRO"]
[Source "crochess.com"]
[SourceDate "2012.12.22"]

1. e4 e6 2. d4 d5 3. exd5 exd5 4. Bd3 Nc6 5. c3 Bd6 6. Ne2 Nge7 7. O-O Bf5 8.
Bf4 O-O 9. Re1 Bxd3 10. Qxd3 Qd7 11. Nd2 Ng6 12. Bg3 1/2-1/2